<?xml version="1.0" encoding="UTF-8"?>
<record
    xmlns:xsi="http://www.w3.org/2001/XMLSchema-instance"
    xsi:schemaLocation="http://www.loc.gov/MARC21/slim http://www.loc.gov/standards/marcxml/schema/MARC21slim.xsd"
    xmlns="http://www.loc.gov/MARC21/slim">

  <leader>01974nam a2200349 c 4500</leader>
  <controlfield tag="001">58574</controlfield>
  <controlfield tag="003">CO-BoRNBP</controlfield>
  <controlfield tag="005">20250826220607.0</controlfield>
  <controlfield tag="007">ta</controlfield>
  <controlfield tag="008">180109s2016    ck     er     000 0 spa d</controlfield>
  <datafield tag="020" ind1=" " ind2=" ">
    <subfield code="a">9789588931159</subfield>
  </datafield>
  <datafield tag="040" ind1=" " ind2=" ">
    <subfield code="a">CO-BoRNBP</subfield>
    <subfield code="b">spa</subfield>
    <subfield code="e">rda</subfield>
    <subfield code="c">CO-BoRNBP</subfield>
  </datafield>
  <datafield tag="041" ind1="0" ind2=" ">
    <subfield code="a">spa</subfield>
  </datafield>
  <datafield tag="082" ind1="0" ind2="4">
    <subfield code="a">305.42</subfield>
    <subfield code="b">A42g</subfield>
    <subfield code="2">23</subfield>
  </datafield>
  <datafield tag="100" ind1="1" ind2=" ">
    <subfield code="a">Aleksievich, Svetlana,</subfield>
    <subfield code="d">1948-</subfield>
    <subfield code="e">aut</subfield>
    <subfield code="9">63562</subfield>
  </datafield>
  <datafield tag="245" ind1="1" ind2="3">
    <subfield code="a">La guerra no tiene rostro de mujer /</subfield>
    <subfield code="c">Svetlana Alexi&#xE9;vich ; traducido por Yulia Dobrovolskaia y Zahara Garc&#xED;a Gonz&#xE1;lez.</subfield>
  </datafield>
  <datafield tag="250" ind1=" " ind2=" ">
    <subfield code="a">Segunda edici&#xF3;n</subfield>
  </datafield>
  <datafield tag="264" ind1=" " ind2="1">
    <subfield code="a">Bogot&#xE1;, Colombia :</subfield>
    <subfield code="b">Debate,</subfield>
    <subfield code="c">2016</subfield>
  </datafield>
  <datafield tag="300" ind1=" " ind2=" ">
    <subfield code="a">65 p&#xE1;ginas</subfield>
  </datafield>
  <datafield tag="336" ind1=" " ind2=" ">
    <subfield code="a">texto</subfield>
    <subfield code="b">txt</subfield>
    <subfield code="2">rdacontent</subfield>
  </datafield>
  <datafield tag="337" ind1=" " ind2=" ">
    <subfield code="a">sin mediaci&#xF3;n</subfield>
    <subfield code="b">n</subfield>
    <subfield code="2">rdamedia</subfield>
  </datafield>
  <datafield tag="338" ind1=" " ind2=" ">
    <subfield code="a">volumen</subfield>
    <subfield code="b">nc</subfield>
    <subfield code="2">rdacarrier</subfield>
  </datafield>
  <datafield tag="505" ind1="2" ind2=" ">
    <subfield code="a">1. La persona es m&#xE1;s que la guerra -- 2. No quiero recordar -- 3. Deberais crecer, ni&#xF1;as...estais muy verdes a&#xFA;n -- 4. Yo fui la &#xFA;nica que regres&#xE9; con mi madre -- 5. En nuestra casa viven dos guerras -- 6. El auricular no dispara -- 7. Nos condecoraban con unas medallas peque&#xF1;as -- 8. No era yo -- 9. Recuerdo aquellos ojos -- 10. Nosotras nos disparamos -- 11. Se necesitaban soldados...pero nosotras lo que quer&#xED;amos era estar guapas -- 12. Se&#xF1;oritas &#xBF;saben ustedes que la esperanza de vida de un jefe de la secci&#xF3;n de zapadores es de dos meses? --13. Una mirada, una sola -- 14. Y la patata de primavera es diminuta -- 15. Mam&#xE1;, &#xBF;c&#xF3;mo es pap&#xE1;? -- 16. Se puso la mano all&#xED;, en el coraz&#xF3;n -- 17. De repente sent&#xED; un irresistible deseo de vivir</subfield>
  </datafield>
  <datafield tag="521" ind1=" " ind2=" ">
    <subfield code="a">Recomendado para un p&#xFA;blico adulto</subfield>
  </datafield>
  <datafield tag="545" ind1=" " ind2=" ">
    <subfield code="a">Incluye datos biogr&#xE1;ficos de la autora al inicio del texto</subfield>
  </datafield>
  <datafield tag="586" ind1=" " ind2=" ">
    <subfield code="a">Autora galardonada con el Premio Nobel de Literatura, 2015</subfield>
  </datafield>
  <datafield tag="650" ind1="0" ind2="7">
    <subfield code="a">Guerra mundial ii, 1939 -- 1945</subfield>
    <subfield code="2">lemb</subfield>
    <subfield code="9">14466</subfield>
  </datafield>
  <datafield tag="650" ind1="0" ind2="7">
    <subfield code="a">Mujeres en la guerra</subfield>
    <subfield code="2">lemb</subfield>
    <subfield code="9">63563</subfield>
  </datafield>
  <datafield tag="700" ind1=" " ind2=" ">
    <subfield code="a">Dobrovolskaia, Yulia</subfield>
    <subfield code="e">trl</subfield>
    <subfield code="9">63564</subfield>
  </datafield>
  <datafield tag="700" ind1=" " ind2=" ">
    <subfield code="a">Garc&#xED;a Gonz&#xE1;lez, Zahara</subfield>
    <subfield code="e">trl</subfield>
    <subfield code="9">63565</subfield>
  </datafield>
  <datafield tag="942" ind1=" " ind2=" ">
    <subfield code="2">ddc</subfield>
    <subfield code="c">BK</subfield>
  </datafield>
  <datafield tag="999" ind1=" " ind2=" ">
    <subfield code="c">58574</subfield>
    <subfield code="d">58574</subfield>
  </datafield>
  <datafield tag="952" ind1=" " ind2=" ">
    <subfield code="0">0</subfield>
    <subfield code="1">0</subfield>
    <subfield code="2">ddc</subfield>
    <subfield code="4">0</subfield>
    <subfield code="7">0</subfield>
    <subfield code="8">GEN</subfield>
    <subfield code="a">MEMAPJGA</subfield>
    <subfield code="b">MEMAPJGA</subfield>
    <subfield code="c">GEN</subfield>
    <subfield code="d">2025-08-26</subfield>
    <subfield code="l">0</subfield>
    <subfield code="o">305.42 A42g</subfield>
    <subfield code="p">MPJG00617</subfield>
    <subfield code="r">2025-08-26 22:06:32</subfield>
    <subfield code="t">Ej.1</subfield>
    <subfield code="w">2025-08-26</subfield>
    <subfield code="y">BK</subfield>
  </datafield>
</record>
